Who's Who 1970 An Annual Biographical Dictionary One Hundred and Twenty-second Year of Issue

Bibliographic Details
Format: Book
Language:Undetermined
PhysicalDescription:3467 s.
Published: London Adam and Charles Black 1970

MARC

LEADER 00000nam a2200000 a 4500
001 vtls001361038
003 SK-MaSNL
005 20260224111354.0
008 990421s1970 xx 0 und
035 |a SNK000314608 
040 |a SNK  |b slo  |c SNK  |e AACR2 
245 1 |a Who's Who 1970  |b An Annual Biographical Dictionary One Hundred and Twenty-second Year of Issue 
260 |a London  |b Adam and Charles Black  |c 1970 
300 |a 3467 s. 
999 |c 978970  |d 980900 
952 |t snkWHO/1970 929(031)  |a SNKUST  |b SNKUST  |y PREZ  |7 0  |p 17A0133935  |o snkIC 84000/1970   |i snkV 686/81  |0 0  |1 0  |4 0  |d 1999-04-21  |l 0  |r 2025-03-19 00:00:00  |w 2026-02-24